|
|
|
|
| LEADER |
00000cam a2200000 7i4500 |
| 001 |
0000002739 |
| 005 |
20031231.0 |
| 020 |
0 |
0 |
|a 9679928179
|
| 090 |
0 |
0 |
|a 331.4129
|b TRA 1989
|
| 245 |
0 |
0 |
|a TRADE in domestic helpers :
|b causes, mechanisms, and consequences
|
| 260 |
0 |
0 |
|a Kuala Lumpur :
|b Asian and Pacific Development Centre ,
|c 1989
|
| 300 |
|
|
|a 347 p. ;
|c 21 cm.
|
| 500 |
0 |
0 |
|a Includes bibliographical references
|
| 500 |
0 |
0 |
|a Selected papers from the Planning Meeting on International Migration and Women, Quezon City, Philippines, 30 November-5 December 1987
|
| 650 |
0 |
0 |
|a Women domestics
|x Congresses
|
| 710 |
1 |
1 |
|a Asian and Pacific Development Centre
|
| 998 |
|
|
|a JPSM
|
| 999 |
|
|
|a 0000004441
|b Monograph
|c Open Shelf
|e Default branch
|